| 000 | 01025cam a2200265 a 4500 | ||
|---|---|---|---|
| 001 | 000006164 | ||
| 005 | 20200929151945.0 | ||
| 008 | 990315s1998 sp b 001 p spa | ||
| 020 | _a8433483188 | ||
| 040 |
_aDO-SdBNP _cDLC |
||
| 082 |
_aCu861.44 _bL923m |
||
| 100 | 1 |
_aLoynaz, Dulce María, _d1902-1997 _95563 |
|
| 245 | 1 | 0 |
_aMargen acuático : _bpoesía de Dulce María Loynaz / _cDulce María, Loynaz; [Compilador], Asunción Horno-Delgado. |
| 260 |
_aMadrid : _bJúcar, _c1998. |
||
| 300 |
_a203 p. ; _c20 cm. |
||
| 490 | 1 |
_aEnsayos Júcar ; _vno. 18 |
|
| 504 | _aBibliografías p. [183]-203. | ||
| 590 | _aDedicado y autografiado para la Biblioteca Nacional Pedro Henriquez Ureña (BNPHU) por el compilador | ||
| 600 | 1 | 4 |
_aLOYNAZ, DULCE MARÍA, _d1902-1997 _xCRÍTICA E INTERPRETACIÓN _917299 |
| 650 | 4 |
_aPoesía cubana _95226 |
|
| 650 | 4 |
_aLiteratura cubana _91483 |
|
| 700 | 1 |
_aHorno-Delgado, Asunción, _d1956 - _ecomp. _917300 |
|
| 830 | 0 |
_aEnsayos Júcar _vno. 18 _917301 |
|
| 910 | _aCatalogación por copia / LC | ||
| 999 |
_c5960 _d5960 |
||